000 00367 a2200109 4500
001 ART_13748
005 20260410161910.0
008 260409a
245 1 0 _aLas bases teóricas de la planificación regional en América Latina
100 1 _aCoraggio, José Luis
773 0 _tDemografía y economía
_g- Vol. XIV, Nº42 (abr./jun. 1980)
_wREV13200
999 _c26750
_d26750